Statistics for Premier League Players by Number - 6

Click here to take the quiz!

General Stats

  • This quiz has been taken 18 times
  • The average score is 10 of 19

Answer Stats

PositionClubNationPlayer% Correct
MFManchester UnitedFrancePaul Pogba
92%
MFLiverpoolSpainThiago Alcantara
92%
DFTottenham HotspurColombiaDavinson Sanchez
85%
DFArsenalBrazilGabriel Magalhaes
77%
DFManchester CityNetherlandsNathan Ake
77%
DFChelseaBrazilThiago Silva
77%
MFAston VillaBrazilDouglas Luiz
62%
DFLeicester CityNorthern IrelandJonny Evans
62%
MFEvertonBrazilAllan
54%
DFBurnleyEnglandBen Mee
54%
MFBrentfordDenmarkChristian Norgaard
38%
MFSouthamptonSpainOriol Romeu
38%
DFLeeds UnitedScotlandLiam Cooper
31%
DFCrystal PalaceEnglandMarc Guehi
31%
DFNorwich CityGermanyChristoph Zimmermann
23%
DFNewcastle UnitedEnglandJamaal Lascelles
23%
MFWatfordFranceImran Louza
15%
DFBrighton & Hove AlbionPolandMichal Karbownik
15%
MFWolvesPortugalBruno Jordao
8%

Score Distribution

Percentile by Number Answered

Percent of People with Each Score

Your Score History

You have not taken this quiz